000 00537nam a2200205Ia 4500
003 OSt
005 20230405112214.0
008 210423s2010 xx 000 0 und d
020 _a9780230224926
040 _cAL
041 _aeng
082 _a302.23 HASS
_223
100 _aHASAN (Seema).
_983245
245 _aMass communication.
260 _aNew Delhi
_bCBS Publications
_c2010
300 _axvi,844
_bPB
365 _b475
_cINR
906 _acommunication. ; communication: ; concepts. ; Mass ; principles
942 _2ddc
_cBK
999 _c158723
_d158723